[Event "Moscow City Team-ch"]
[Site "Moscow"]
[Date "2021.09.13"]
[Round "3"]
[White "Medvedev, Fedor M"]
[Black "Frolov, Maxim"]
[Result "0-1"]
[WhiteElo "1557"]
[BlackElo "1701"]
[PlyCount "62"]
[EventDate "2021.09.11"]
[EventType "team-swiss"]
[EventRounds "7"]
[EventCountry "RUS"]
[SourceTitle "EXT 2022"]
[Source "ChessBase"]
[SourceDate "2021.10.06"]
[SourceVersion "1"]
[SourceVersionDate "2021.10.06"]
[SourceQuality "1"]

1. e4 e6 2. d4 d5 3. Nd2 c5 4. c3 Nc6 5. Ngf3 Nf6 6. e5 Nd7 7. Be2 Qb6 8. Nb3 cxd4 9. cxd4 a5 10. a4 Bb4+ 11. Kf1 0-0 12. Bb5 f6 13. exf6 Nxf6 14. g3 Ne4 15. Be3 Bd7 16. Rc1 Rf6 17. Nc5 Bxc5 18. dxc5 Qc7 19. Kg2 Raf8 20. Bf4 Rxf4 21. gxf4 Qxf4 22. Be2 Ne5 23. h3 Nxf3 24. Bxf3 Qg5+ 25. Kf1 Rxf3 26. Qxf3 Qxc1+ 27. Kg2 Qxb2 28. Rf1 Qf6 29. Qb3 Bc6 30. Qb6 d4 31. Kg1 Nd2 0-1

[Event "Wch U10 rapid"]
[Site "Minsk"]
[Date "2019.08.16"]
[Round "2"]
[White "Zimin, Artur"]
[Black "Frolov, Maxim"]
[Result "0-1"]
[WhiteElo "1849"]
[BlackElo "1381"]
[PlyCount "112"]
[EventDate "2019.08.16"]
[EventType "swiss (rapid)"]
[EventRounds "9"]
[EventCountry "BLR"]
[SourceTitle "EXT 2020"]
[Source "ChessBase"]
[SourceDate "2019.10.17"]
[SourceVersion "1"]
[SourceVersionDate "2019.10.17"]
[SourceQuality "1"]

1. d4 Nf6 2. Nc3 d5 3. Bg5 c6 4. Bxf6 exf6 5. e4 dxe4 6. Nxe4 Bf5 7. Ng3 Bg6 8. Nf3 Bd6 9. Bd3 Bxd3 10. Qxd3 0-0 11. 0-0-0 Nd7 12. Nf5 Bf4+ 13. Kb1 Nb6 14. g3 Bc7 15. h4 Qd7 16. h5 Nd5 17. Ne3 Nxe3 18. Qxe3 Rfe8 19. Qd3 Rad8 20. Rde1 Bb6 21. h6 g6 22. c3 Rxe1+ 23. Rxe1 Re8 24. Qd2 Rxe1+ 25. Qxe1 Qe6 26. Kc2 Kf8 27. Qxe6 fxe6 28. b4 Ke7 29. Kd3 Bc7 30. Ke4 a5 31. a3 axb4 32. axb4 b5 33. Nh4 g5 34. Nf3 f5+ 35. Kd3 Kf6 36. Nd2 g4 37. Nb3 Bb6 38. Na5 e5 39. Nxc6 exd4 40. cxd4 Ke6 41. Ne5 Kd5 42. Nf7 Bxd4 43. Ng5 Bxf2 44. Nxh7 Bd4 45. Nf8 f4 46. Ke2 fxg3 47. Kf1 Ke4 48. Ne6 Bh8 49. Kg2 Kf5 50. Nc7 Kg6 51. Kxg3 Be5+ 52. Kxg4 Bxc7 53. h7 Kxh7 54. Kf5 Bd6 55. Ke4 Bxb4 56. Kd5 Bf8 0-1